000 00449nam a2200181Ia 4500
005 20250423100225.0
008 250422s9999 xx 000 0 und d
020 _a0873529758
050 _aLB 2369. G53/
100 _aGibaldi, Joseph
245 0 _aMLA handbook for writers of research papers
250 _a5th ed.
260 _bMLA books
260 _c1999
300 _a332 p
650 _aResearch- handbooks, manuals, etc
942 _cBK
999 _c32656
_d32656